[Event "Nevinnomyssk Rating 5th"]
[Site "Nevinnomyssk"]
[Date "2010.09.??"]
[Round "3"]
[White "Galakhov, Sergey"]
[Black "Mkrtoumian, Ashort"]
[Result "1-0"]
[WhiteElo "2214"]
[BlackElo "1963"]
[PlyCount "127"]
[EventDate "2010.09.29"]
[EventType "swiss"]
[EventRounds "9"]
[EventCountry "RUS"]
[SourceTitle "EXT 2013"]
[Source "ChessBase"]
[SourceDate "2012.11.22"]
[SourceVersion "1"]
[SourceVersionDate "2012.11.22"]
[SourceQuality "1"]

1. d4 d5 2. c4 e6 3. Nc3 Be7 4. Nf3 Nf6 5. Bg5 0-0 6. e3 Ne4 7. Bxe7 Qxe7 8. Qc2 Nf6 9. Bd3 c6 10. 0-0 b6 11. Rfe1 Bb7 12. a4 Na6 13. Bf1 Nb4 14. Qd2 a5 15. b3 Ne4 16. Nxe4 dxe4 17. Ne5 f6 18. Ng4 h5 19. f3 hxg4 20. fxe4 c5 21. d5 e5 22. Qf2 Rad8 23. Rad1 Rd6 24. Rd2 Bc8 25. Qg3 Kf7 26. Rf2 Ke8 27. Be2 Qd7 28. Ref1 Rf7 29. Rf5 Qe7 30. R5f2 Kd8 31. Bxg4 Bxg4 32. Qxg4 Kc7 33. h4 Rd8 34. h5 Rh8 35. Rf5 Rh6 36. Qf3 Rf8 37. g4 Rfh8 38. Rf2 Kd6 39. Rf1 Na6 40. Rf2 Nb8 41. Rh2 Nd7 42. g5 fxg5 43. Rf7 Rf6 44. Rxe7 Rxf3 45. Rxg7 Rxe3 46. Rg6+ Kc7 47. Rxg5 Rxe4 48. h6 Re3 49. h7 Nf6 50. Rg7+ Kd8 51. Rf7 Rf3 52. Kg2 Rf4 53. Rh6 Nxh7 54. Rfxh7 Rxh7 55. Rxh7 Rd4 56. Rb7 Rd2+ 57. Kf1 Rb2 58. Rxb6 e4 59. Rb5 e3 60. Rxc5 Rxb3 61. Rxa5 Rc3 62. Rc5 Ra3 63. Rc6 Rxa4 64. Ke2 1-0

[Event "Nevinnomyssk Rating 5th"]
[Site "Nevinnomyssk"]
[Date "2010.09.??"]
[Round "8"]
[White "Karpsatov, Ksenofont"]
[Black "Mkrtoumian, Ashort"]
[Result "1-0"]
[WhiteElo "2123"]
[BlackElo "1963"]
[PlyCount "87"]
[EventDate "2010.09.29"]
[EventType "swiss"]
[EventRounds "9"]
[EventCountry "RUS"]
[SourceTitle "EXT 2013"]
[Source "ChessBase"]
[SourceDate "2012.11.22"]
[SourceVersion "1"]
[SourceVersionDate "2012.11.22"]
[SourceQuality "1"]

1. Nf3 e6 2. g3 d5 3. Bg2 Nf6 4. d3 Be7 5. 0-0 0-0 6. c4 c6 7. Nc3 Re8 8. Qc2 Nbd7 9. e4 dxc4 10. dxc4 b6 11. e5 Ng4 12. Re1 Bc5 13. Re2 f5 14. exf6 Ngxf6 15. Bg5 Qc7 16. Rae1 Nf8 17. Bf4 Bd6 18. Bxd6 Qxd6 19. Ne5 Bb7 20. Rd2 Qc7 21. f4 Rad8 22. Red1 N8d7 23. Nxd7 Rxd7 24. Rxd7 Nxd7 25. Qd3 Nf6 26. Qd6 Qe7 27. Bxc6 Bxc6 28. Qxc6 Kf7 29. Nb5 Qc5+ 30. Qxc5 bxc5 31. Nd6+ Ke7 32. Nxe8 Kxe8 33. Rd6 Ke7 34. Ra6 Ne4 35. Rxa7+ Kf6 36. Rc7 h6 37. a4 g6 38. a5 e5 39. a6 Ke6 40. fxe5 Kxe5 41. a7 Kd6 42. Rc8 Kd7 43. a8Q Kd6 44. Qxe4 1-0

[Event "Nevinnomyssk Rating 5th"]
[Site "Nevinnomyssk"]
[Date "2010.09.??"]
[Round "4"]
[White "Mkrtoumian, Ashort"]
[Black "Boulgakov, Timur"]
[Result "1/2-1/2"]
[WhiteElo "1963"]
[BlackElo "2023"]
[PlyCount "114"]
[EventDate "2010.09.29"]
[EventType "swiss"]
[EventRounds "9"]
[EventCountry "RUS"]
[SourceTitle "EXT 2013"]
[Source "ChessBase"]
[SourceDate "2012.11.22"]
[SourceVersion "1"]
[SourceVersionDate "2012.11.22"]
[SourceQuality "1"]

1. e4 e6 2. Nc3 d5 3. d4 Bb4 4. e5 b6 5. a3 Be7 6. Qg4 Kf8 7. h4 h5 8. Qg3 Nh6 9. Bd3 Ba6 10. Bxh6 Rxh6 11. Bxa6 Nxa6 12. Qd3 Nb8 13. Nf3 Rg6 14. g3 c5 15. 0-0-0 Nc6 16. Qe2 Rg4 17. dxc5 bxc5 18. Nh2 Nd4 19. Rxd4 Rxd4 20. Qxh5 Kg8 21. Nf3 g6 22. Qh6 Bf8 23. Qe3 Rc4 24. Qe2 Bh6+ 25. Kb1 Rb8 26. Ka2 Qb6 27. Nd1 Re4 28. Qd3 c4 29. Qc3 Bg7 30. h5 Qc7 31. hxg6 fxg6 32. Ne3 Bxe5 33. Nxe5 Qxe5 34. Qxe5 Rxe5 35. Ng4 Re2 36. Nf6+ Kf7 37. Nd7 Rd8 38. Nc5 Rxc2 39. Rh7+ Kf6 40. Rxa7 Ke5 41. Nd7+ Kd4 42. Nb6 Kd3 43. Rb7 Ke2 44. Nxc4 Kf1 45. Re7 Rxf2 46. Rxe6 Rxb2+ 47. Kxb2 Rb8+ 48. Kc3 Rc8 49. Re1+ Kxe1 50. Kd4 Rxc4+ 51. Kxd5 Ra4 52. Ke5 Rxa3 53. g4 Rg3 54. Kf4 Rxg4+ 55. Kxg4 Kf2 56. Kg5 Ke3 57. Kxg6 Kf3 1/2-1/2

[Event "Nevinnomyssk Rating 5th"]
[Site "Nevinnomyssk"]
[Date "2010.09.??"]
[Round "1"]
[White "Mkrtoumian, Ashort"]
[Black "Osmetkin, Anatoly"]
[Result "0-1"]
[WhiteElo "1963"]
[BlackElo "2212"]
[PlyCount "116"]
[EventDate "2010.09.29"]
[EventType "swiss"]
[EventRounds "9"]
[EventCountry "RUS"]
[SourceTitle "EXT 2013"]
[Source "ChessBase"]
[SourceDate "2012.11.22"]
[SourceVersion "1"]
[SourceVersionDate "2012.11.22"]
[SourceQuality "1"]

1. e4 e6 2. d4 d5 3. Nc3 Bb4 4. Bd2 b6 5. Qg4 Kf8 6. e5 h5 7. Qf3 Be7 8. Bd3 Ba6 9. Bg6 Qe8 10. Bxh5 Nh6 11. Bg6 Kg8 12. Bd3 Bxd3 13. Qxd3 c5 14. Nf3 Nc6 15. Ne2 cxd4 16. Nexd4 Rc8 17. c3 Nxd4 18. Nxd4 Bc5 19. Bxh6 Rxh6 20. 0-0 Qe7 21. Rad1 Qh4 22. Qg3 Bxd4 23. Rxd4 Qh5 24. h3 Rg6 25. Rg4 Rxg4 26. hxg4 Qg6 27. f4 Qe4 28. Qf3 Rc4 29. Qxe4 Rxe4 30. g3 b5 31. Kf2 b4 32. cxb4 Rxb4 33. b3 a5 34. Rc1 a4 35. Rc8+ Kh7 36. Rc7 Kg8 37. Rc8+ Kh7 38. Rc7 Kg6 39. Rc3 axb3 40. axb3 Kh7 41. Kf3 g5 42. f5 Re4 43. Re3 Rb4 44. Rc3 Kg7 45. Re3 Kf8 46. Rc3 Ke8 47. Re3 Kd7 48. Rc3 Kd8 49. Re3 Kc7 50. Rc3+ Kb6 51. Rd3 d4 52. Ke4 Kc5 53. Rd1 Rxb3 54. Rxd4 Rxg3 55. Rd7 Rxg4+ 56. Ke3 exf5 57. Rxf7 Re4+ 58. Kf3 Rxe5 0-1

[Event "Nevinnomyssk 4th"]
[Site "Nevinnomyssk"]
[Date "2010.01.31"]
[Round "2"]
[White "Mkrtoumian, Ashort"]
[Black "Kuznetsov, Alexander2222"]
[Result "0-1"]
[WhiteElo "1997"]
[BlackElo "2091"]
[PlyCount "58"]
[EventDate "2010.01.30"]
[EventType "tourn"]
[EventRounds "9"]
[EventCountry "RUS"]
[SourceTitle "EXT 2022"]
[Source "ChessBase"]
[SourceDate "2021.10.06"]
[SourceVersion "1"]
[SourceVersionDate "2021.10.06"]
[SourceQuality "1"]

1. d4 Nf6 2. c4 d5 3. cxd5 Nxd5 4. e4 Nb6 5. Nf3 Bg4 6. Be3 e6 7. Be2 N8d7 8. 0-0 Bd6 9. Nc3 0-0 10. a4 Bxf3 11. Bxf3 e5 12. d5 Nc4 13. Bc1 Bc5 14. Ne2 Qh4 15. Qc2 Nd6 16. g3 Qh3 17. Bd2 a5 18. Bg2 Qg4 19. Bc3 f5 20. exf5 Rxf5 21. Nc1 e4 22. Nb3 Bb6 23. h3 Qxg3 24. Nd4 Bxd4 25. Bxd4 Qg6 26. Be3 Nf6 27. Kh1 Nxd5 28. Bxe4 Nxe3 29. Qb3+ Nec4 0-1

[Event "Nevinnomyssk 2B"]
[Site "Nevinnomyssk"]
[Date "2009.02.23"]
[Round "4"]
[White "Mkrtoumian, Ashort"]
[Black "Lezhepekova, Veronika"]
[Result "0-1"]
[WhiteElo "2031"]
[BlackElo "1917"]
[PlyCount "58"]
[EventDate "2009.02.21"]
[EventType "tourn"]
[EventRounds "10"]
[EventCountry "RUS"]
[SourceTitle "EXT 2022"]
[Source "ChessBase"]
[SourceDate "2021.10.06"]
[SourceVersion "1"]
[SourceVersionDate "2021.10.06"]
[SourceQuality "1"]

1. d4 d5 2. c4 c6 3. Nf3 Nf6 4. Nc3 e6 5. e3 Nbd7 6. Qc2 Be7 7. b3 0-0 8. Bd3 Bd6 9. Bb2 Re8 10. 0-0 e5 11. dxe5 Nxe5 12. Nxe5 Bxe5 13. cxd5 Bxh2+ 14. Kxh2 Ng4+ 15. Kg1 Qh4 16. Rfe1 Qh2+ 17. Kf1 Qh1+ 18. Ke2 Qxg2 19. Nd1 Nh2 20. Bxh7+ Kh8 21. Bf5 Qf3+ 22. Kd2 Bxf5 23. Qc3 f6 24. Rg1 Rad8 25. Ba3 Rxd5+ 26. Kc1 Red8 27. Qe1 Rxd1+ 28. Qxd1 Rxd1+ 29. Rxd1 Qxf2 0-1

[Event "Nevinnomyssk 2B"]
[Site "Nevinnomyssk"]
[Date "2009.02.22"]
[Round "2"]
[White "Mkrtoumian, Ashort"]
[Black "Semyonov, Konstantin"]
[Result "0-1"]
[WhiteElo "2031"]
[BlackElo "2235"]
[PlyCount "90"]
[EventDate "2009.02.21"]
[EventType "tourn"]
[EventRounds "10"]
[EventCountry "RUS"]
[SourceTitle "EXT 2022"]
[Source "ChessBase"]
[SourceDate "2021.10.06"]
[SourceVersion "1"]
[SourceVersionDate "2021.10.06"]
[SourceQuality "1"]

1. g3 d5 2. Bg2 e5 3. d3 Be7 4. Nd2 Nf6 5. e4 0-0 6. exd5 Nxd5 7. Ngf3 Nc6 8. 0-0 Bg4 9. Re1 f6 10. c3 Qd7 11. Qc2 Rad8 12. Rd1 Rfe8 13. Nf1 Qf5 14. Qe2 Bc5 15. Ne3 Nxe3 16. Bxe3 Nd4 17. Qf1 Nxf3+ 18. Bxf3 Bxf3 19. Bxc5 Bxd1 20. Rxd1 b6 21. Be3 Rd6 22. d4 exd4 23. Bxd4 c5 24. Be3 Red8 25. Re1 Qd5 26. c4 Qd1 27. Qe2 Qxe1+ 28. Qxe1 Rd1 29. Kf1 Kf7 30. Ke2 Rxe1+ 31. Kxe1 Ke6 32. Ke2 Rd7 33. f3 Kd6 34. Kd3 Kc6+ 35. Kc2 a6 36. b3 b5 37. Bf2 Re7 38. Kd1 Re5 39. Kd2 Re7 40. Kd1 bxc4 41. bxc4 Rb7 42. Kc2 Rb4 43. Kc3 Rb1 44. f4 Rh1 45. h4 Rh2 0-1